000 00706nam a2200217Ia 4500
001 12112
003 GE_BSU
008 181216s||||||||xx |||||||||||||| ||und||
040 _cGE_BSU
245 _aВестник Древней истории 3(290) Июль-Август-Сентябрь 2014
245 _bJournal of ancient history
245 _cГл. ред. А.И.Иванчук и др.
260 _aМосква
260 _bНаука
260 _c2014
300 _a272стр. 24см.
653 _aВестник Древней истории. 3(290) Июль-Август-Сентябрь 2014
653 _aПериодика
653 _aპერიოდიკა
942 _cCR
999 _c45288
_d45288